Score 0/12 Timer 04:00
0 Plays Today
% Correct
I Love Lucy
56.4%
M*A*S*H
54.4%
The Simpsons
53.6%
Friends
49.6%
The Big Bang Theory
48.2%
Miami Vice
46.4%
The Office
45.3%
Game of Thrones
41.8%
Monty Python
35.4%
Star Trek
33.5%
South Park
33%
The Flintstones
32.5%
Remove Ads.
Support Sporcle.
Get the best of Sporcle when you Go Orange. This ad-free experience offers more features, more stats, and more fun while also helping to support Sporcle. Thank you for becoming a member.

You're not logged in!

Compare scores with friends on all Sporcle quizzes.
OR
Log In

Sporcle TV

Today on Sporcle TV


Watch our educational content, quiz creation guides, and fun videos on Sporcle TV.

Show Comments

Extras

Top Quizzes Today


Score Distribution

Paid Content

Your Account Isn't Verified!

In order to create a playlist on Sporcle, you need to verify the email address you used during registration. Go to your Sporcle Settings to finish the process.

Report this User

Report this user for behavior that violates our Community Guidelines.

Details: